| 000 | 00426nam a22001457a 4500 | ||
|---|---|---|---|
| 005 | 20250530133403.0 | ||
| 008 | 250530b |||||||| |||| 00| 0 eng d | ||
| 020 | _a0851514545 | ||
| 050 |
_aBV 4253 _bWHI |
||
| 100 | _aRYLE, J. C | ||
| 245 |
_aSELECT SERMONS OF GEORGE WHITEFIELD _bWith an account of his life . _cJ. C. RYLE |
||
| 260 |
_aPENNSYLVANIA _bTHE BANNER OF TRUTH TRUST _cc1985 |
||
| 300 | _a199p.; | ||
| 942 |
_2lcc _cBK _n0 |
||
| 999 |
_c6069 _d6069 |
||